000 00181 a2200097 4500
020 _a9780316166706
041 _aeng
100 _aCarman, Patrick
245 _aAtherton
942 _cBK
999 _c11274
_d11274